000
00321nam a2200121Ia 4500
008
191206s9999 xx 000 0 und d
020
_a
0718302141 :
245
0
_a
When money dies: the nightmare of the Weimar collapse
260
_a
Kimber
260
_c
c1975
300
_a
256 p. ; 24 cm.
999
_c
17282
_d
17282